00708nam a2200181Ia 4500001000800000003000500008008004100013010001100054040000900065100003000074245025900104260003100363300001000394410002900404650002200433700003300455700003800488Para_46CHAP220125s1977 xx 000 0 und d a198619 cCHAP aBodegas Valera, René P. aAspectos de interes sobre las hospederas alternantes del picudo del algodonero A. Gradis y avances en la investigacion respectiva en el soconusco, Chiapas, México /c por P. René Bodegas Valera, Rodolfo Flores García y Martha E. de los Coss Flores aTapachula, Chis. :b CIES a14 p. aBoletín informativo; 3 aAlgodónxPlagas aI. Flores García, Rodolfo  aII. Coss Flores, Martha E. de los